LIBRARY & INFORMATION CENTRE, KCAET, TAVANUR

ONLINE PUBLIC ACCESS CATALOGUE (OPAC)

Normal view MARC view
  • JOHN, JOHN M

Entry Personal Name

Number of records used in: 1

001 - CONTROL NUMBER

  • control field: 3022

003 - CONTROL NUMBER IDENTIFIER

  • control field: OSt

005 - DATE AND TIME OF LATEST TRANSACTION

  • control field: 20180303150757.0

008 - FIXED-LENGTH DATA ELEMENTS

  • fixed length control field: 180303|| aca||aabn | a|a d

040 ## - CATALOGING SOURCE

  • Original cataloging agency: OSt
  • Transcribing agency: OSt

100 ## - HEADING--PERSONAL NAME

  • Personal name: JOHN, JOHN M

670 ## - SOURCE DATA FOUND

  • Source citation: Work cat.: (OSt): JOHN, JOHN M, Design development and testing of an animal drawn dibbler for paddy, 1989
free website counter